Logo Biblioteca

Otredades : (Registro nro. 262)

Detalles MARC
000 -LEADER
fixed length control field 01984nam a22002777a 4500
003 - CONTROL NUMBER IDENTIFIER
control field OSt
005 - DATE AND TIME OF LATEST TRANSACTION
control field 20240530122700.0
008 - FIXED-LENGTH DATA ELEMENTS--GENERAL INFORMATION
fixed length control field 240530s2015 ag ||||| |||| 00| 1 spa d
040 ## - CATALOGING SOURCE
Transcribing agency besoc
245 00 - TITLE STATEMENT
Title Otredades :
Remainder of title Antología del 1er Concurso literario del Centro Universitario Rosario Inclusiva
260 ## - PUBLICATION, DISTRIBUTION, ETC.
Place of publication, distribution, etc. Rosario :
Name of publisher, distributor, etc. Instituto Universitario del Gran Rosario :
-- Centro Universitario Rosario Inclusiva,
Date of publication, distribution, etc. 2015
300 ## - PHYSICAL DESCRIPTION
Extent 69 p.
505 0# - FORMATTED CONTENTS NOTE
Formatted contents note El ayudante del zorro / Fernando Pellegrinet -- Incorrespondencias / Lucía Briguet -- Algo flota en la basura / Valentín Gilardoni -- La otra trama / Valentín Gilardoni -- El mundo afuera / Federico Ferroggiaro -- Sujetos vistos desde arriba / Rocío Eraso -- El representante (el silencio y la sombra) / Lucas Pauinovich -- Camón / Julia López Dabat -- Viaje al ojo del Microcosmus marinus / Maribel Bruzzo -- Diagnóstico / Sebastián Rogelio Ocampo.-
520 0# - SUMMARY, ETC.
Summary, etc. El mundo está hecho de lo otro, del dramático milagro del cambio sin comienzo, del caótico destino de no tener dónde llegar. La diferencia nos abre a la maravilla de ya no saber quiénes somos, a reconocer al otro como una puerta de salida o de entrada.<br/>Desde el Centro Universitario Rosario Inclusiva queremos dar el debate, abrirnos a la reflexión y al diálogo para producir nuevas perspectivas y ayudar a construir un mundo donde quepan muchos mundos, cada vez más y más extraños (...). Ese otro es quien nos dispara al centro del corazón sus preguntas incómodas. [Nota del editor]
650 #4 - SUBJECT ADDED ENTRY--TOPICAL TERM
Topical term or geographic name entry element Literatura argentina
Form subdivision Cuentos
General subdivision Siglo XXI
700 1# - ADDED ENTRY--PERSONAL NAME
Personal name Pellegrinet, Fernando,
Relator term autor
700 1# - ADDED ENTRY--PERSONAL NAME
Personal name Briguet, Lucía,
Relator term autor
700 1# - ADDED ENTRY--PERSONAL NAME
Personal name Gilardoni, Valentín,
Relator term autor
700 1# - ADDED ENTRY--PERSONAL NAME
Personal name Ferroggiaro, Federico,
Relator term autor
700 1# - ADDED ENTRY--PERSONAL NAME
Personal name Eraso, Rocío
Relator term autor
700 1# - ADDED ENTRY--PERSONAL NAME
Personal name Pauinovich, Lucas,
Relator term autor
700 1# - ADDED ENTRY--PERSONAL NAME
Personal name López Dabat, Julia,
Relator term autor
700 1# - ADDED ENTRY--PERSONAL NAME
Personal name Bruzzo, Maribel,
Relator term autor
700 1# - ADDED ENTRY--PERSONAL NAME
Personal name Ocampo, Sebastián Rogelio,
Relator term autor
942 ## - ADDED ENTRY ELEMENTS (KOHA)
Source of classification or shelving scheme Universal Decimal Classification
Koha item type Obra General
Suppress in OPAC No
Existencias
Withdrawn status Lost status Source of classification or shelving scheme Damaged status Not for loan Collection Home library Current library Date acquired Total checkouts Full call number Barcode Date last seen Copy number Price effective from Koha item type
    Universal Decimal Classification     Colección General Biblioteca Escuela de Ciencias Sociales Biblioteca Escuela de Ciencias Sociales 30/05/2024   82-34(821.6) OT88 000891 30/05/2024 1 30/05/2024 Obra General
    Universal Decimal Classification     Colección General Biblioteca Escuela de Ciencias Sociales Biblioteca Escuela de Ciencias Sociales 30/05/2024   82-34(821.6) OT88 000892 30/05/2024 2 30/05/2024 Obra General
Biblioteca de la Escuela Preuniversitaria en Ciencias Sociales y Humanísticas.
Riobamba 250 bis.
CP 2000 - Rosario - Santa Fe
E-Mail: biblioteca@esociales.unr.edu.ar